00320nam a2200097Ia 4500008004100000050002100041245007500062260003800137300001500175650003200190151021s9999 xx 000 0 und d aHC 865.K47 2013  a_Kisii County Development Profile ministry of devolution and planning  aNairobi Government printers 2013  axvi,119p.  a_County mission and vision